| 000 | 00000nam##2200000za#4500 |
| 001 | 9.676663 |
| 003 | CaOODSP |
| 005 | 20210927150415 |
| 007 | cr ||||||||||| |
| 008 | 150407|2003||||xxc|||||o f|0| 0 iku|d |
| 040 | |aCaOODSP|beng |
| 041 | 7|aiku |
| 041 | 7|aiu2 |
| 041 | 7|aiku |
| 041 | |aeng |
| 041 | |afre |
| 043 | |an-cn--- |
| 086 | 1 |aR2-266/2003-PDF |
| 110 | 1 |aCanada. |bIndian and Northern Affairs Canada. |
| 245 | 10|aWorking together - what government and other agencies do if Canadian Arctic waters are threatened by a spill |h[electronic resource] |
| 260 | |aOttawa - Ontario : |bIndian and Northern Affairs |c2003. |
| 300 | |a45p. |
| 500 | |aThe Catalogue No. (R2-266/2003) and ISBN (0-662-67571-1) of the print edition have been incorrectly copied in the pdf edition. |
| 546 | |aText in English, French, Inuktitut, Inuvialuqtun and Innuinaqtun. |
| 590 | |a13-12-Supp|b2013-05-10 |
| 792 | |tUn travail d'équipe - comment le gouvernement et les divers organismes reagissent lorqu'il y a danger de deversement dans les eaux territoriales canadiennes de l'Arctique |efre|w(CaOODSP)9.676664 |
| 856 | 40|ahttp://publications.gc.ca|qPDF|s456 KB|uhttps://publications.gc.ca/collections/collection_2013/aadnc-aandc/R2-266-2003.pdf |
| 986 | |aQS-Y215-000-EFHIII-A-A1 |